[Event "FSGM February"]
[Site "Budapest HUN"]
[Date "2005.02.07"]
[Round "3"]
[White "Kristjansson,St"]
[Black "Erdos,V"]
[Result "1/2-1/2"]
[WhiteElo "2438"]
[BlackElo "2453"]

1.d4 d5 2.c4 c6 3.Nf3 dxc4 4.e3 Be6 5.a4 Nf6 6.a5 Nbd7 7.Qa4 Bd5 8.Nc3 e6
9.Nd2 c5 10.Nxc4 Bc6 11.Qb3 Be7 12.a6 b6 13.Be2 O-O 14.O-O Nd5 15.Bf3 cxd4
16.exd4 Nxc3 17.Qxc3 Rc8 18.Bxc6 Rxc6 19.Qb3 Nf6 20.Ne5 Rc7 21.Bf4 Nd5 22.Bg3 Bd6
23.Rfc1 Qc8 24.Rxc7 Qxc7 25.Nc4 Bf4 26.Na3 Rc8 27.Nb5 Qd7 28.h3 h6 29.Kh2 Bxg3+
30.fxg3 Ne7 31.Ra4 Nc6 32.Rc4 Nb8 33.Rxc8+ Qxc8 34.Qf3 Qc6 35.Nxa7 Qxf3 36.gxf3 Nxa6
37.Nc8 b5 38.Kg2 Nc7 39.f4  1/2-1/2

[Event "5th It"]
[Site "Pulvermuehle GER"]
[Date "2005.02.09"]
[Round "7"]
[White "Brener,I"]
[Black "Balinov,I"]
[Result "0-1"]
[WhiteElo "2321"]
[BlackElo "2372"]

1.d4 d5 2.Nf3 c6 3.c4 dxc4 4.Nc3 b5 5.e4 e6 6.Be2 Bb7 7.O-O Nd7 8.e5 h6 9.a4 a6
10.axb5 axb5 11.Rxa8 Bxa8 12.d5 cxd5 13.Nxb5 Qa5 14.Nfd4 Bb4 15.Bh5 g6 16.Bxg6 fxg6
17.Qg4 Nf8 18.Nxe6 Kf7 19.Nbc7 Ne7 20.Qh4 Nd7 21.Qf4+ Kg8 22.Ne8 Rh7 23.Nf6+ Nxf6
24.exf6 Nc6 25.f7+ Rxf7 26.Qxh6 Ne5 27.Qg5 d4 28.Nxd4 Qd5 29.Be3 Be7 30.Qg3 Kg7
31.Rd1 Nd3 32.Qg4 Kh7 33.Ne6 Qf5 34.Qxc4 Nxb2 35.Nd4 Nxc4 36.Nxf5 gxf5 37.Bf4 Bf6
38.h3 Bb7 39.Rc1 Ne5 40.Rc5 Nd3 41.Rxf5 Kg6  0-1

[Event "Nordea Cup"]
[Site "Dianalund DEN"]
[Date "2005.02.12"]
[Round "1"]
[White "Naes,F"]
[Black "Christensen,Sv"]
[Result "1-0"]
[WhiteElo "2302"]
[BlackElo "2193"]

1.d4 d5 2.c4 dxc4 3.Nf3 c6 4.e4 Bg4 5.Bxc4 e6 6.Qb3 b5 7.Ne5 Qxd4 8.Nxg4 Qxc4
9.Qxc4 bxc4 10.Ne5 Nf6 11.f3 Nfd7 12.Nxc4 Nb6 13.Nbd2 Na6 14.a3 Nc5 15.b4 Nca4
16.Rb1 Be7 17.Bb2 O-O 18.Ke2 Rfd8 19.Rhc1 Bg5 20.Rc2 Rac8 21.g3 c5 22.f4 Be7
23.b5 Nxb2 24.Rbxb2 Na4 25.Rb1 g5 26.Nf3 gxf4 27.gxf4 f6 28.Ke3 Kf7 29.e5 Nb6
30.exf6 Nd5+ 31.Kf2 Bxf6 32.Nfe5+ Kf8 33.Kf3 Ne7 34.a4 Rd4 35.a5 Nd5 36.Nd7+ Ke7
37.Nxf6 Rxf4+ 38.Ke2 Rxf6 39.b6 axb6 40.axb6 Nb4  1-0

[Event "FSGM February"]
[Site "Budapest HUN"]
[Date "2005.02.13"]
[Round "9"]
[White "Berczes,D"]
[Black "Erdos,V"]
[Result "1/2-1/2"]
[WhiteElo "2313"]
[BlackElo "2453"]

1.d4 d5 2.c4 dxc4 3.Nf3 c6 4.e3 Be6 5.a4 Nf6 6.Na3 Bf5 7.Nxc4 e6 8.Qb3 Qc7
9.a5 Nbd7 10.Bd3 Bxd3 11.Qxd3 c5 12.O-O Be7 13.Bd2 O-O 14.Rfc1 b5 15.axb6 axb6
16.Rxa8 Rxa8 17.b4 Qb7 18.bxc5 bxc5 19.h3 Qe4 20.Qxe4 Nxe4 21.Be1 cxd4 22.Nxd4 Rc8
23.Nb3 Nd6 24.Nxd6 Rxc1 25.Nxc1 Bxd6  1/2-1/2

[Event "Nordea Cup"]
[Site "Dianalund DEN"]
[Date "2005.02.19"]
[Round "8"]
[White "Rausis,I"]
[Black "Bromann,T"]
[Result "1/2-1/2"]
[WhiteElo "2500"]
[BlackElo "2370"]

1.d4 d5 2.c4 c6 3.Nf3 Nf6 4.Qc2 a6 5.Bg5 e6 6.Nbd2 Nbd7 7.e4 dxe4 8.Nxe4 h6
9.Bd2 c5 10.O-O-O cxd4 11.Nxd4 Nxe4 12.Qxe4 Nf6 13.Qh4 Qc7 14.Qg3  1/2-1/2

[Event "Aeroflot Open B"]
[Site "Moscow RUS"]
[Date "2005.02.20"]
[Round "6"]
[White "Balashov,Y"]
[Black "Ulibin,M"]
[Result "1-0"]
[WhiteElo "2469"]
[BlackElo "2535"]

1.d4 d5 2.c4 c6 3.Nf3 dxc4 4.e3 Be6 5.Nc3 b5 6.a4 b4 7.Ne2 Nf6 8.Ng3 Qa5
9.Qc2 c3 10.bxc3 bxc3 11.Ne5 Nbd7 12.Nc4 Bxc4 13.Bxc4 e6 14.O-O Bb4 15.e4 e5
16.Nf5 O-O 17.Ba2 exd4 18.Nxd4 Rac8 19.Bf4 Ne5 20.h3 Ng6 21.Bh2 Rfd8 22.Rad1 Qc5
23.Nf3 Nh5 24.Qb3 Qe7 25.Nd4 a5 26.Nf5 Qf8 27.e5 Nhf4 28.Nd6 Bxd6 29.exd6 Rb8
30.Qc4 Rb2 31.Rfe1 c2 32.Rd2 c1=Q 33.Qxc1 Rxd2 34.Qxd2 Rxd6 35.Qxa5 h6 36.Qc7 Rf6
37.Bb1 Qb4 38.Rd1 Ne6 39.Qxc6 Qb2 40.Qc8+ Kh7 41.Qc2 Qb7 42.Qe4 Qa7 43.Qc2 Nf4
44.Bg3 Qa8 45.Qe4 Qxe4 46.Bxe4 Ne2+ 47.Kh2 Nc3 48.Rd4 Nxe4 49.Rxe4 Rd6 50.f3 Nf8
51.Be1 Ne6 52.Rc4 g5 53.a5 Kg6 54.Bc3 h5 55.h4 f6 56.Kg3 Nf4 57.Bd2 Ne6 58.hxg5 fxg5
59.Kf2 Kf5 60.Bc3 h4 61.Re4 Rc6 62.Re5+ Kf4 63.Re3 Kf5 64.g3 hxg3+ 65.Kxg3 Kg6
66.Bd2 Kf5 67.Ra3 Nc7 68.Be3 Na6 69.Rb3 Re6 70.Rb5+ Re5 71.Rxe5+ Kxe5 72.Kg4 Kd5
73.Kxg5 Kc6 74.f4 Nc7 75.f5 Nd5 76.a6 Kc7 77.Bc5 Kb8 78.Kg6 Kc7 79.Kf7 Kc6
80.Bd4 Nc7 81.a7 Kb7 82.Be5 Nd5 83.Ke6 Nb4 84.Kd6  1-0

[Event "Aeroflot Open B"]
[Site "Moscow RUS"]
[Date "2005.02.20"]
[Round "6"]
[White "Magalashvili,D"]
[Black "Krivoshey,S"]
[Result "1-0"]
[WhiteElo "2423"]
[BlackElo "2487"]

1.d4 d5 2.c4 c6 3.Nf3 Nf6 4.Qb3 dxc4 5.Qxc4 Bf5 6.Nc3 e6 7.g3 Nbd7 8.Bg2 Be7
9.Qb3 Qb6 10.Nd2 Bg6 11.Nc4 Qb4 12.Qxb4 Bxb4 13.a3 Be7 14.Na5 O-O-O 15.Bf4 Nh5
16.Be3 Nb6 17.Rc1 Nd5 18.Nxd5 exd5 19.b4 Kc7 20.Bd2 Nf6 21.Bf4+ Kb6 22.O-O Ne4
23.f3 Nd6 24.e4 dxe4 25.fxe4 Nb5 26.Nc4+ Ka6 27.d5 cxd5 28.exd5 Bd3 29.a4 Bxc4
30.Rxc4 Nd6 31.Rc7 Bf6 32.Be3 Rc8  1-0

[Event "Aeroflot Open B"]
[Site "Moscow RUS"]
[Date "2005.02.21"]
[Round "7"]
[White "Rashkovsky,N"]
[Black "Kharitonov,Alexa"]
[Result "0-1"]
[WhiteElo "2519"]
[BlackElo "2472"]

1.d4 d5 2.Nf3 Nf6 3.c4 c6 4.g3 dxc4 5.Bg2 Nbd7 6.a4 a5 7.O-O Nb6 8.Nc3 Bf5
9.Re1 e6 10.e4 Bg6 11.Ne5 Bb4 12.Bg5 Be7 13.h4 O-O 14.Qe2 Qxd4 15.Nxg6 hxg6
16.e5 Nfd5 17.Rad1 Qc5 18.Ne4 Qb4 19.h5 Nd7 20.hxg6 Nxe5 21.gxf7+ Rxf7 22.Bxe7 Qxe7
23.f4 Nd3 24.Rf1 Qc7 25.Bh3 Qb6+ 26.Kh2 Qe3 27.Qxe3 Nxe3 28.Bxe6 Nxf1+ 29.Rxf1 Kf8
30.Bxf7 Kxf7 31.Nd6+ Ke6 32.Nxc4 b5 33.Ne5 Nxb2 34.axb5 cxb5 35.Rb1 Nc4 36.Rxb5 Nxe5
37.Rxe5+ Kd6 38.Re1 a4 39.Kh3 a3 40.Kg4 a2 41.Ra1 Ra5 42.f5 Ke7 43.Kg5 Kf7
44.g4 Ra4  0-1

[Event "12th Metalis Open"]
[Site "Bizovac CRO"]
[Date "2005.02.24"]
[Round "2"]
[White "Medic,Mir"]
[Black "Dizdarevic,E"]
[Result "0-1"]
[WhiteElo "2245"]
[BlackElo "2541"]

1.d4 d5 2.c4 c6 3.Nf3 dxc4 4.a4 Nf6 5.Nc3 Bf5 6.Ne5 Nbd7 7.Nxc4 Nb6 8.e3 e6
9.Bd3 Nxc4 10.Bxc4 Bd6 11.Qe2 e5 12.e4 Be6 13.d5 cxd5 14.exd5 Bf5 15.Bg5 O-O
16.O-O h6 17.Bxf6 Qxf6 18.Bd3 Bd7 19.a5 a6 20.Na4 Bxa4 21.Rxa4 Rac8 22.h4 g6
23.h5 Qg5 24.hxg6 f5 25.b4 Rc3 26.f4 Qg3 27.g7 Kxg7  0-1

[Event "12th Metalis Open"]
[Site "Bizovac CRO"]
[Date "2005.02.26"]
[Round "6"]
[White "Teofilovic,V"]
[Black "Dizdarevic,E"]
[Result "0-1"]
[WhiteElo "2265"]
[BlackElo "2541"]

1.Nf3 d5 2.d4 c6 3.c4 dxc4 4.e3 Be6 5.a4 Nf6 6.Na3 c5 7.Nxc4 Nc6 8.Nce5 Bd5
9.Nxc6 bxc6 10.Be2 e6 11.O-O Rb8 12.dxc5 Bxc5 13.Qc2 Qe7 14.Nd2 e5 15.b3 O-O
16.Bb2 e4 17.Rfc1 Nd7 18.Nc4 Bb4 19.Rab1 Qe6 20.Bc3 Rfd8 21.Na5 Bxc3 22.Qxc3 Ne5
23.Nc4 Nd3 24.Bxd3 exd3 25.Nd2 Qg6 26.f3 h5 27.b4 h4 28.Kf2 Qd6 29.Kg1 Qh6
30.Kf2 a6 31.Qc5 Qf6 32.Qc3 Qd6 33.Kg1 Qg6 34.Kf2 Rd6 35.Qc5 Rf6 36.b5 axb5
37.axb5 h3 38.g3 Bxf3 39.Nxf3 Qg4 40.Qxc6 Rxc6 41.bxc6 Rxb1 42.Rxb1 Qc4 43.Rb8+ Kh7
44.Nd4 d2  0-1

[Event "TCh-ISL 2004-5"]
[Site "Reykjavik ISL"]
[Date "2005.03.04"]
[Round "5"]
[White "Jonatansson,H"]
[Black "Jensson,E"]
[Result "0-1"]
[WhiteElo "2057"]
[BlackElo "2211"]

1.d4 d5 2.c4 c6 3.Nf3 Nf6 4.g3 dxc4 5.Ne5 Be6 6.Bg2 Nbd7 7.Qc2 Nxe5 8.dxe5 Qa5+
9.Nc3 Qxe5 10.O-O g6 11.a4 Bg7 12.a5 O-O 13.a6 Qc7 14.Bf4 Qc8 15.axb7 Qxb7
16.e4 Rfd8 17.Ra3 Nd7 18.Rfa1 Nc5 19.Be3 Nb3 20.Rd1 Nd4 21.Qc1 Bg4 22.Re1 Nf3+
23.Bxf3 Bxf3 24.Bc5 Rd3 25.h3 Qd7 26.Kh2 Bd4 27.Bxd4 Qxd4 28.Kg1 Rd2 29.Rf1 Rd8
30.Ra4 Rb8 31.Rxc4 Qd7 32.g4 Rbxb2 33.Nb1 Rd1 34.Qxb2 Rxf1+ 35.Kxf1 Qd1+  0-1

[Event "Varsity Match"]
[Site "London ENG"]
[Date "2005.03.05"]
[Round "2"]
[White "Nixon,T"]
[Black "Woodward,T"]
[Result "1/2-1/2"]
[WhiteElo "2195"]
[BlackElo "2333"]

1.d4 d5 2.c4 c6 3.Nf3 Nf6 4.Qc2 dxc4 5.Qxc4 Bf5 6.Nc3 e6 7.g3 Nbd7 8.Bg2 Be7
9.O-O O-O 10.Re1 Ne4 11.Qb3 Qb6 12.Qxb6 axb6 13.Ne5 Nxe5 14.Nxe4 Nc4 15.Rd1 Rfd8
16.b3 Nd6 17.Nc3 b5 18.Bb2 b4 19.Na4 Be4 20.f3 Bg6 21.Kf2 Nb5 22.e4  1/2-1/2

[Event "Sozina Open"]
[Site "Bar SCG"]
[Date "2005.03.07"]
[Round "4"]
[White "Jirka,J"]
[Black "Savic,Miod1"]
[Result "1-0"]
[WhiteElo "2369"]
[BlackElo "2508"]

1.d4 d5 2.Nf3 Nf6 3.g3 c6 4.c4 dxc4 5.Bg2 Bf5 6.Nbd2 e6 7.O-O Nbd7 8.Nxc4 h6
9.Bf4 Nb6 10.Na5 Qc8 11.Ne5 Be4 12.f3 Bh7 13.e4 Bb4 14.Nec4 Nxc4 15.Nxc4 O-O
16.Qb3 Be7 17.Rac1 Rd8 18.Rfd1 Nh5 19.Be3 Qc7 20.d5 exd5 21.exd5 b6 22.dxc6 Nf6
23.f4 Ng4 24.Ne5 Nxe5 25.fxe5 Bf5 26.Qc3 Bg4 27.Rd5 Be6 28.Rxd8+ Rxd8 29.b3 Bf5
30.Bf2 Rd3 31.Qc4 Ba3 32.Rf1 Rd8 33.Qc3 Be7 34.h3 h5 35.Qf3 Bg6 36.Re1 Rd3
37.Qf4 h4 38.gxh4 Rd8 39.Qg4 Bh7 40.h5 Qc8 41.e6 fxe6 42.h6 Bf6 43.Rxe6 Kh8
44.hxg7+ Bxg7 45.Re7 Qxg4 46.hxg4 Bf6 47.Rxa7 Rd1+ 48.Kh2 Rd3 49.Rxh7+  1-0

[Event "IRT Eduardo Orosco"]
[Site "Pinamar ARG"]
[Date "2005.03.09"]
[Round "2"]
[White "Samur,A"]
[Black "Lopez Gonzalez,D"]
[Result "1/2-1/2"]
[WhiteElo "2164"]
[BlackElo "2128"]

1.d4 d5 2.Nf3 Nf6 3.c4 c6 4.Qc2 e6 5.g3 Be7 6.Bg2 O-O 7.O-O b6 8.Nbd2 Bb7
9.b3 Nbd7 10.e4 Rc8 11.e5 Ne8 12.Bb2 Qc7 13.cxd5 cxd5 14.Qxc7 Nxc7 15.Rfc1 Na6
16.a3  1/2-1/2

[Event "Acropolis GM Open"]
[Site "Athens GRE"]
[Date "2005.03.11"]
[Round "6"]
[White "Khetsuriani,B"]
[Black "Fragiadakis,K"]
[Result "1-0"]
[WhiteElo "2361"]
[BlackElo "2218"]

1.d4 d5 2.Nf3 Nf6 3.c4 c6 4.Nbd2 Bf5 5.g3 e6 6.Bg2 Be7 7.O-O O-O 8.Nh4 Bg6
9.Nxg6 hxg6 10.b3 a5 11.a3 Nbd7 12.Bb2 Kh7 13.c5 Ng8 14.b4 axb4 15.axb4 Bf6
16.Qb3 Qc7 17.e4 dxe4 18.Nxe4 Be7 19.Rfe1 Nh6 20.b5 Nf6 21.Ng5+ Kh8 22.Ra4 Rxa4
23.Qxa4 Nd5 24.Nf3 b6 25.bxc6 bxc5 26.dxc5 Bxc5 27.Qa1 Rg8 28.Qc1 Bxf2+ 29.Kxf2 Nf5
30.Qc5 Rc8 31.Nd4 Rb8 32.Ba1 Nb4 33.Bf1 Nxd4 34.Qxd4 Qb6 35.Qxb6 Rxb6 36.Rb1  1-0

[Event "Extraliga CZE 2004-5"]
[Site "Czech Rep CZE"]
[Date "2005.03.19"]
[Round "8"]
[White "Jirka,J"]
[Black "Jaworski,Mi"]
[Result "1-0"]
[WhiteElo "2369"]
[BlackElo "2370"]

1.d4 d5 2.Nf3 Nf6 3.g3 c6 4.c4 dxc4 5.Bg2 Bf5 6.Nbd2 e6 7.O-O Be7 8.Nxc4 Nbd7
9.Bf4 O-O 10.Qb3 b5 11.Nce5 Be4 12.Rfd1 Bd5 13.Qc2 Be4 14.Qb3 Bd5 15.Qd3 Be4
16.Qe3 Nb6 17.Bg5 Bd5 18.Qf4 Ne4 19.Bxe7 Qxe7 20.Nxc6 Bxc6 21.Ne5 Nxg3 22.Nxc6 Nxe2+
23.Kf1 Nxf4 24.Nxe7+ Kh8 25.Bxa8 Rxa8 26.Rac1 f6 27.Rc7 a6 28.b3 h5 29.Rb7 Nbd5
30.Nxd5 Nxd5 31.Re1 Nf4 32.Rb6 Kh7 33.Rc1 Rd8 34.Rd1 Ra8 35.Rd6 a5 36.Rc1 b4
37.Rc5 Kg6 38.Rc4 Kf5 39.Rb6 g5 40.Rb5+ Kg4 41.d5 exd5 42.Rxd5 a4 43.bxa4 Rxa4
44.Rd2 Kf3 45.Rb2 Ra6 46.Rcxb4 Rc6 47.Rb1 Rc2 48.R4b2 Rc6 49.a4 Rc5 50.Ra2 Ra5
51.Rb5 Ra6 52.a5 Rd6 53.Rb1 Ra6 54.Rb6 Ra8 55.a6 Rc8 56.Rb1  1-0

[Event "11th Schloss Open"]
[Site "Werther GER"]
[Date "2005.03.19"]
[Round "3"]
[White "Krallmann,M"]
[Black "Mchedlishvili,M"]
[Result "0-1"]
[WhiteElo "2250"]
[BlackElo "2515"]

1.d4 d5 2.c4 c6 3.Nf3 Nf6 4.Qc2 dxc4 5.Qxc4 Bg4 6.Nbd2 Nbd7 7.g3 Qc7 8.Bg2 e5
9.O-O Rd8 10.dxe5 Nxe5 11.Nxe5 Qxe5 12.Nf3 Qa5 13.Bg5 Be6 14.Qh4 Be7 15.e4 h6
16.e5 Nd5 17.Rad1 Qc7 18.Rfe1 O-O 19.Bxe7 Qxe7 20.Qxe7 Nxe7 21.b4 Nd5 22.a3 Nc3
23.Rc1 Na4 24.Re3 Rd7 25.Bf1 Rfd8 26.Be2 Kf8 27.Kg2 Nb6 28.Rec3 a6 29.h3 Ke7
30.Kh2 Na4 31.Re3 Rc7 32.Rd3 Rxd3 33.Bxd3 Rd7 34.Be2 Bf5 35.Rd1 Rxd1 36.Bxd1 Nb2
37.Bb3 Be6 38.Bc2 Nc4 39.a4 Bd5 40.Bb3 Ke6 41.g4 Bxf3 42.Bxc4+ Bd5 43.Bxd5+ Kxd5
44.f4 Ke4 45.Kg3 a5  0-1

[Event "TCh-BEL 2004-5"]
[Site "Belgium BEL"]
[Date "2005.03.20"]
[Round "11"]
[White "Ooms,A"]
[Black "Vandevoort,P"]
[Result "0-1"]
[WhiteElo "2195"]
[BlackElo "2385"]

1.d4 d5 2.Nf3 Nf6 3.c4 c6 4.g3 dxc4 5.Bg2 g6 6.O-O Bg7 7.Na3 O-O 8.Nxc4 Bf5
9.Qb3 b5 10.Ncd2 a6 11.a4 Nbd7 12.Ne5 Nxe5 13.dxe5 Ng4 14.Bxc6 Rc8 15.axb5 axb5
16.Qxb5 Nxe5 17.Bg2 Rxc1 18.Rfxc1 Qxd2 19.Rd1 Qh6 20.Qc5 Bf6 21.Ra7 Qh5 22.Re1 Kg7
23.b4 Rd8 24.Ra5 Rd2 25.Qe3 Nc4 26.Qf4 Rd4 27.Bf3 Rxf4 28.Bxh5 Rd4 29.Rc5 Ne5
30.e3 Rxb4 31.Be2 Rb2 32.Rc7 Be4 33.h3 h5 34.Kf1 h4 35.g4 Nf3 36.Bxf3 Bxf3
37.Rec1 Be4 38.Kg1 Rd2 39.R7c4 Bd5 40.R4c2 Rd3 41.Rc5 Bb2 42.Rb1 Ba3 43.Ra5 Bd6
44.Ra4 g5 45.Rd4 Rxd4 46.exd4 Kf6 47.Rb5 Ke6 48.Ra5 f6 49.Ra1 Be4 50.Ra5 Bb4
51.Ra4 Bd6 52.Ra5 Bc6 53.Rf5 Bd5 54.Kf1 Bf4 55.Kg1 Kd6 56.Kf1 Kc6 57.Kg1 Bc7  0-1

[Event "Ettinger It"]
[Site "Givataim ISR"]
[Date "2005.03.20"]
[Round "1"]
[White "Bykhovsky,Av"]
[Black "Kaganskiy,G"]
[Result "1/2-1/2"]
[WhiteElo "2451"]
[BlackElo "2297"]

1.d4 d5 2.c4 c6 3.Nf3 Nf6 4.Qc2 dxc4 5.Qxc4 Bf5 6.g3 e6 7.Bg2 Nbd7 8.Nbd2 Be7
9.Qb3 Qb6 10.O-O O-O  1/2-1/2

[Event "ch-DEN KO"]
[Site "Koege DEN"]
[Date "2005.03.20"]
[Round "1.1"]
[White "Pedersen,NV"]
[Black "Fries Nielsen,JO"]
[Result "1-0"]
[WhiteElo "2460"]
[BlackElo "2388"]

1.d4 d5 2.c4 c6 3.Nf3 dxc4 4.a4 b5 5.Nc3 b4 6.Ne4 Nf6 7.Nxf6+ exf6 8.e3 Be6
9.Bd2 Nd7 10.Rc1 Rc8 11.Bxc4 Bxc4 12.Rxc4 Nb6 13.Rc1 Qd5 14.O-O Be7 15.a5 Qxa5
16.Ra1 Qb5 17.Rxa7 Bd6 18.Qb3 O-O 19.Rc1 Ra8 20.Rxa8 Rxa8 21.Ne1 Rb8 22.Nd3 Bf8
23.h3 h6 24.e4 Rd8 25.Be3 Na4 26.e5 Nc3 27.bxc3 Qxd3 28.exf6 gxf6 29.Qb2 bxc3
30.Rxc3 Qe4 31.Qb7 Rd6 32.Rc5 f5 33.Re5 Qd3 34.Re8 Re6 35.Rxe6 fxe6 36.Qxc6 Qb3
37.Qe8  1-0

[Event "ch-FAI"]
[Site "Oyrarbakka ch-FAI"]
[Date "2005.03.22"]
[Round "5"]
[White "Samuelsen,C"]
[Black "Simonsen,H"]
[Result "1/2-1/2"]
[WhiteElo "2238"]
[BlackElo "2317"]

1.d4 d5 2.c4 c6 3.Nf3 Nf6 4.Qc2 g6 5.e3 Bf5 6.Bd3 Bxd3 7.Qxd3 Bg7 8.Nc3 O-O
9.O-O Nbd7 10.Bd2 e6 11.Rfd1 Qe7 12.e4 dxe4 13.Nxe4 Nxe4 14.Qxe4 Rfe8 15.Bc3 Rad8
16.Rac1 Nb6 17.b3 Nc8 18.Ba5 b6 19.Bd2 Qb7 20.Ne5 Ne7 21.Bb4 Rc8 22.Re1 Nf5
23.g4 Nxd4 24.f4 f6 25.Bc3 fxe5 26.fxe5 Nf5 27.gxf5 exf5 28.Qh4 Re6 29.Rcd1 Rce8
30.Rd8 Qe7 31.Rxe8+ Qxe8 32.Rd1 g5 33.Qg3 h6 34.Rd6 Bf8 35.Qd3 Qg6 36.Rd8 f4
37.Qd7 f3 38.Qc8 Qb1+ 39.Kf2 Qxa2+ 40.Bd2 Re8 41.Rxe8 Qxd2+ 42.Kxf3 Qf4+
43.Ke2 Qe4+ 44.Kd2 Qd4+ 45.Kc2  1/2-1/2

[Event "Open"]
[Site "Coventry ENG"]
[Date "2005.03.24"]
[Round "1"]
[White "Fowler,S"]
[Black "Houska,Jo"]
[Result "0-1"]
[WhiteElo "2116"]
[BlackElo "2325"]

1.d4 d5 2.c4 c6 3.Nf3 Nf6 4.Qc2 dxc4 5.Qxc4 Bf5 6.g3 e6 7.Bg2 Nbd7 8.O-O Be7
9.Nc3 O-O 10.Qb3 Qb6 11.Qxb6 axb6 12.Re1 h6 13.e4 Bh7 14.Bf4 b5 15.Nd2 b4
16.Ne2 Rfd8 17.h3 e5 18.Be3 exd4 19.Bxd4 Nc5 20.e5 Nd5 21.Nc4 Ra6 22.Nd6 Nd3
23.Bxd5 Bxd6 24.Red1 Bxe5 25.Bxf7+ Kxf7 26.Bxe5 Re8 27.f4 Nxe5 28.fxe5 Rxe5
29.Nf4 g5 30.Rd7+ Re7 31.Rxe7+ Kxe7 32.Re1+ Kf7 33.Ne6 Rxa2 34.Nd8+ Kf6 35.Re6+ Kf5
36.Rxh6 Bg8 37.Rh8 Bd5 38.Rf8+ Ke4 39.Nxb7 Rxb2 40.Nc5+ Kd4 41.Nd7 b3 42.h4 Rg2+
43.Kf1 b2 44.Rb8 gxh4 45.Nf6 h3 46.Nxd5 cxd5 47.g4 Rc2  0-1

[Event "Western Pacific Open"]
[Site "Burbank USA"]
[Date "2005.03.26"]
[Round "3"]
[White "Atalik,S"]
[Black "Khachiyan,M"]
[Result "1-0"]
[WhiteElo "2560"]
[BlackElo "2462"]

1.d4 d5 2.c4 c6 3.Nf3 Nf6 4.Qb3 dxc4 5.Qxc4 Bg4 6.Nbd2 e6 7.Qb3 Qb6 8.Ne5 Bh5
9.Nec4 Qxb3 10.Nxb3 Bb4+ 11.Bd2 Na6 12.f3 O-O-O 13.e4 Bxd2+ 14.Kxd2 Nc7 15.h4 Bg6
16.Ke3 Nh5 17.Bd3 f5 18.g4 fxg4 19.fxg4 Nf6 20.Rag1 Rhf8 21.g5 Ncd5+ 22.exd5 Nxd5+
23.Kd2 Rf2+ 24.Ke1 Bxd3 25.Kxf2 Rf8+ 26.Kg3 Bxc4 27.Nd2 Bd3 28.Re1 Nf4 29.Kh2  1-0

[Event "ch-RUS w 1st League"]
[Site "Samara RUS"]
[Date "2005.03.26"]
[Round "4"]
[White "Guseva,M"]
[Black "Mashinskaya,I"]
[Result "1/2-1/2"]
[WhiteElo "2261"]
[BlackElo "2420"]

1.d4 d5 2.c4 dxc4 3.Nf3 c6 4.a4 Nf6 5.e3 Be6 6.Na3 c5 7.Nxc4 Nc6 8.Be2 g6
9.O-O Bg7 10.b3 cxd4 11.exd4 Nd5 12.Bb2 Nf4 13.Re1 Nxe2+ 14.Qxe2 O-O 15.Rad1 Bd5
16.Nfe5 Re8 17.Nxc6 bxc6 18.Ba3 Qb8 19.Qc2 Qb7 20.Bc5 Rab8 21.b4 h5 22.Rd2 Bxc4
23.Qxc4 e6 24.h4 Red8 25.Rb2 a6 26.Reb1 Qa8 27.g3 Rd5 28.Re2 Rbd8 29.Re4 Qb7
30.Rb3 Kh7 31.Kh2 R8d7 32.Kg1 Rf5 33.Kg2 Rd8 34.Kg1 Rd7  1/2-1/2

[Event "Open"]
[Site "Coventry ENG"]
[Date "2005.03.27"]
[Round "7"]
[White "Sowray,P"]
[Black "Stone,A"]
[Result "1-0"]
[WhiteElo "2342"]
[BlackElo "2254"]

1.Nf3 d5 2.d4 c6 3.c4 Nf6 4.Qc2 g6 5.Bf4 Bg7 6.e3 Bf5 7.Qb3 Qb6 8.Nc3 dxc4
9.Bxc4 Qxb3 10.Bxb3 O-O 11.h3 Nbd7 12.Ke2 h6 13.Nh4 e6 14.Nxf5 exf5 15.g4 fxg4
16.hxg4 g5 17.Bd6 Rfe8 18.Kf3 Nf8 19.Be5 N6d7 20.Bxg7 Kxg7 21.Ne4 Ng6 22.Nd6 Rh8
23.Nxb7 Nf6 24.Nd6 Nh4+ 25.Ke2 Nxg4 26.Rag1  1-0

[Event "Open"]
[Site "Coventry ENG"]
[Date "2005.03.28"]
[Round "9"]
[White "Sowray,P"]
[Black "Young,C"]
[Result "1-0"]
[WhiteElo "2342"]
[BlackElo "2102"]

1.Nf3 d5 2.d4 Nf6 3.c4 c6 4.Qc2 g6 5.Bf4 Bg7 6.e3 O-O 7.h3 c5 8.cxd5 cxd4
9.e4 Nh5 10.Bc7 Qe8 11.Bc4 b5 12.Bb3 Na6 13.Be5 Bxe5 14.Nxe5 e6 15.d6 Qd8
16.Qc6 Rb8 17.d7 Bb7 18.Qd6 Qg5 19.Nd2 Qxg2 20.O-O-O Nf4 21.Kb1 Nxh3 22.Nxf7 Bxe4+
23.Nxe4 Qxe4+ 24.Ka1 Nxf2 25.Ng5 Qf4 26.Bxe6+ Kg7 27.Rxh7+ Kf6  1-0

[Event "1st ch-SCG"]
[Site "Kopaonik SCG"]
[Date "2005.04.02"]
[Round "1"]
[White "Kosic,D"]
[Black "Nadj Hedjesi,B"]
[Result "1-0"]
[WhiteElo "2515"]
[BlackElo "2392"]

1.d4 d5 2.c4 c6 3.Nf3 Nf6 4.Qc2 dxc4 5.Qxc4 b5 6.Qc2 g6 7.e4 Bg7 8.Bf4 O-O
9.Nbd2 Bb7 10.a4 a6 11.Be2 Nbd7 12.O-O Rc8 13.b4 Nh5 14.Bg5 h6 15.Be3 e6
16.Nb3 Qe7 17.Rab1 Nhf6 18.Nfd2 Ba8 19.Rfc1 Nb6 20.Nc5 Nfd7 21.axb5 cxb5
22.Qa2 Nxc5 23.bxc5 Na4 24.Bd1 f5 25.f3 fxe4 26.Nxe4 Bxe4 27.fxe4 Kh7 28.e5 Qh4
29.Bxa4 bxa4 30.Qxe6 Qe4 31.Re1 a3 32.Qa2 Rb8 33.Rxb8 Rxb8 34.Qxa3 h5 35.Qxa6 Bh6
36.Bf2 Rb1 37.Rxb1  1-0

[Event "ch-VIE Prelim"]
[Site "Hue VIE"]
[Date "2005.04.04"]
[Round "2"]
[White "Duong The Anh"]
[Black "Dao Thien Hai"]
[Result "0-1"]
[WhiteElo "2288"]
[BlackElo "2609"]

1.d4 d5 2.c4 c6 3.Nf3 dxc4 4.e3 b5 5.a4 e6 6.axb5 cxb5 7.b3 Nf6 8.bxc4 bxc4
9.Bxc4 Bd6 10.Nbd2 O-O 11.Ba3 Nc6 12.O-O Nb4 13.e4 Be7 14.Qe2 a5 15.Rfc1 Bb7
16.Bb2 Ra7 17.Ne5 Qa8 18.f3 Rd8 19.Qe3 h6 20.Bb5 Qb8 21.Ba4 Nh5 22.g3 Nf6
23.Ndc4 Ba8 24.Bc3 Rc8 25.Be1 Rcc7 26.Bf2 Qd8 27.Qb3 Bf8 28.Rd1 Qc8 29.Rac1 Qa6
30.Na3 Rab7 31.Qe3 Nbd5 32.exd5 Nxd5 33.Qd3 Qxd3 34.Nxd3 Bxa3 35.Rxc7 Rxc7
36.Ra1 Bf8 37.Nc5 Nc3 38.Bb3 Bxf3 39.Rxa5 Rc8 40.Bc2 Bd5 41.Bd3 Nd1 42.Be1 Nb2
43.Ba6 Rd8 44.Bc3 Nc4 45.Ra4 Nd6 46.Bd3 g6 47.Kf2 Bg7 48.g4 Rc8 49.Ba1 Rc7
50.Ke2 Nc8 51.Ra5 Ne7 52.Ke3 f5 53.h3 Kf7 54.Na6 Ra7 55.Bc3 Bg2 56.gxf5 Nxf5+
57.Bxf5 exf5 58.h4 Bf6 59.h5 g5 60.Ra1 f4+ 61.Kf2 Bd5 62.Nb4 Rxa1 63.Bxa1 Be4  0-1

[Event "Belgrade Cup"]
[Site "Belgrade SCG"]
[Date "2005.04.05"]
[Round "1"]
[White "Mijailovic,Z"]
[Black "Vlatkovic,S"]
[Result "0-1"]
[WhiteElo "2393"]
[BlackElo "2308"]

1.d4 d5 2.Nf3 Nf6 3.c4 c6 4.Qb3 dxc4 5.Qxc4 Bf5 6.Nc3 e6 7.g3 Be7 8.Bg2 O-O
9.O-O Ne4 10.Bf4 Nd7 11.a4 a5 12.Rfd1 Qb6 13.Ne5 Nxe5 14.Bxe5 Nd6 15.Bxd6 Bxd6
16.Ne4 Rfd8 17.b3 Be7 18.h4 h6 19.Bf3 e5 20.dxe5 Be6 21.Qc3 Qb4 22.Qe3 Rxd1+
23.Rxd1 Rd8 24.Rxd8+ Bxd8 25.Nd2 Bc7 26.Kg2 Bb6 27.Qd3 Qc5 28.e3 Qxe5 29.Nc4 Qc7
30.Be4 Bc5 31.Bf5 b5 32.Bxe6 fxe6 33.Nd2 Qd6 34.Qxd6 Bxd6 35.Ne4 Bb4 36.h5 e5
37.f4 Kf7 38.f5 Ke7 39.Kf3 Be1 40.Ke2 Bb4 41.g4 Kf7 42.Kd3 Ke7 43.Ke2 Kf7
44.Kf3 Ke7 45.g5 hxg5 46.Kg4 bxa4 47.bxa4 c5 48.Kxg5 c4 49.Kg6 c3 50.f6+ gxf6
51.Ng3 c2 52.Ne2 Kf8 53.Kxf6 Bd2 54.e4 Bf4 55.h6 Kg8 56.Kg6 Kh8  0-1

[Event "1st ch-SCG"]
[Site "Kopaonik SCG"]
[Date "2005.04.05"]
[Round "4"]
[White "Arsovic,G"]
[Black "Markovic,Miros"]
[Result "1/2-1/2"]
[WhiteElo "2419"]
[BlackElo "2509"]

1.d4 d5 2.Nf3 Nf6 3.c4 c6 4.Qc2 a6 5.Bf4 g6 6.e3 Bg7 7.Nc3 b5 8.c5 Bf5 9.Bd3 Bxd3
10.Qxd3 Nbd7 11.h3 O-O 12.O-O  1/2-1/2

[Event "ch-VIE Prelim"]
[Site "Hue VIE"]
[Date "2005.04.08"]
[Round "7"]
[White "Tu Hoang Thai"]
[Black "Bui Vinh"]
[Result "1/2-1/2"]
[WhiteElo "2389"]
[BlackElo "2467"]

1.d4 d5 2.Nf3 Nf6 3.c4 c6 4.Qc2 g6 5.Bf4 Bf5 6.Qb3 Qb6 7.Nbd2 Na6 8.c5 Qxb3
9.axb3 Nh5 10.e3 Nxf4 11.exf4 Nc7 12.Ra4 a6 13.Be2 Bg7 14.O-O O-O 15.g3 Rae8
16.Re1 f6 17.Bf1 Bh6 18.h4 Bg7 19.Re3 h6 20.Ra1 g5 21.Rae1 g4 22.Nh2 e6 23.b4 h5
24.f3 Kh8 25.fxg4 hxg4 26.Bd3 Bxd3 27.Rxd3 f5 28.Nb3 Re7 29.Nf1  1/2-1/2

[Event "ch-VIE Prelim"]
[Site "Hue VIE"]
[Date "2005.04.09"]
[Round "9"]
[White "Tu Hoang Thai"]
[Black "Nguyen Huynh Minh H"]
[Result "1-0"]
[WhiteElo "2389"]
[BlackElo "2195"]

1.d4 d5 2.Nf3 Nf6 3.c4 c6 4.Qc2 g6 5.Nc3 Bg7 6.Bf4 O-O 7.e3 Qa5 8.Nd2 Na6
9.a3 Qd8 10.cxd5 cxd5 11.h3 Nc7 12.Rc1 Ne6 13.Bh2 Bd7 14.Nf3 Qb6 15.Bd3 Rfc8
16.O-O Be8 17.b4 Nc7 18.Na4 Qc6 19.Qxc6 Bxc6 20.Nc5 Nfe8 21.a4 a6 22.a5 e6
23.Rc2 Nb5 24.Rfc1 Rd8 25.Ne5 Bxe5 26.Bxe5 f6 27.Bg3 Kf7 28.Ra1 Ned6 29.Na4 Nc8
30.Rac1 Re8 31.Rxc6 bxc6 32.Rxc6 Ne7 33.Rb6 Rec8 34.Nc5 Nc6 35.Nxa6 Nc3 36.Nc7 Nxb4
37.Nxa8 Nxd3 38.Rb7+ Kg8 39.Rb8 Rxb8 40.Bxb8 Nb5 41.Nc7 Nxc7 42.Bxc7 Nb4
43.Bd6 Na6 44.g4 Kf7 45.Kg2 Ke8 46.Kf3 Kd7 47.Ba3 Nc7 48.g5  1-0